Orvosi esetismertetések magyar nyelven gyakorlókönyv magyar orvosi nyelvet tanuló külföldi hallgatók számára /

Elmentve itt :
Bibliográfiai részletek
Szerző: Major Éva
Dokumentumtípus: Könyv
Megjelent: 2020
Kulcsszavak:szaknyelv
orvostudomány
Tárgyszavak:
Online Access:http://eta.bibl.u-szeged.hu/5180
LEADER 00745nnm a2200205 i 4500
001 eta5180
005 20210311085841.0
008 210311s2020 hu o 0|| eng d
040 |a SZTE Elektronikus Tananyag Archívum  |b hun 
041 |a eng 
041 |a hun 
100 1 |a Major Éva 
245 1 0 |a Orvosi esetismertetések magyar nyelven   |h [elektronikus dokumentum] :  |b gyakorlókönyv magyar orvosi nyelvet tanuló külföldi hallgatók számára /  |c  Major Éva 
260 |c 2020 
300 |a 70 
516 |a Book 
650 4 |a Orvos- és egészségtudomány 
695 |a szaknyelv 
695 |a orvostudomány 
856 4 0 |u https://eta.bibl.u-szeged.hu/5180/1/EFOP343_AP2OKTIG2_jegyzet_major_eva_orvosi_esetismertetesek_20180531.pdf  |z Dokumentum-elérés